Poesías completas
Uloženo v:
| Hlavní autor: | |
|---|---|
| Médium: | Kniha |
| Jazyk: | španělština |
| Vydáno: |
Madrid
Visor
1995
|
| Edice: | Colección Visor de Poesía, 337
|
| Témata: | |
| Tagy: |
Přidat tag
Žádné tagy, Buďte první, kdo vytvoří štítek k tomuto záznamu!
|
MARC
| LEADER | 00000nam a2200000 a 4500 | ||
|---|---|---|---|
| 001 | UCU5453 | ||
| 003 | CL-VaPUC | ||
| 008 | 960604e19950000SP |||||||||||||||||spa|d | ||
| 082 | 0 | 4 | |a 851 |b PAV |2 21 |
| 100 | |a Pavese, Cesare |e autor |9 326600 | ||
| 245 | 1 | 0 | |a Poesías completas |
| 300 | |a 225 p | ||
| 942 | |c BK | ||
| 945 | |d 19960604 00:00:00 |a rbrito | ||
| 260 | |a Madrid |b Visor |c 1995 | ||
| 650 | 0 | |a Poesías italianas |9 265352 | |
| 583 | |a last modification |c 19960604 00:00:00 |k Rodrigo Vera | ||
| 490 | 0 | |a Colección Visor de Poesía, 337 | |
| 999 | |c 248819 |d 248817 | ||
| 952 | |0 0 |1 0 |4 0 |6 851_000000000000000_PAV_1995 |7 0 |8 A |9 265689 |a BIBART |b BIBART |d 2019-11-19 |i 3206718 |l 2 |m 2 |o 851 PAV 1995 |p 3206718 |r 2025-03-13 |s 2022-09-01 |w 2019-11-19 |y BK |k ART | ||